00686nam a22001697a 4500003000200000005001700002082001900019100004300038245005300081260007700134300000800211650004900219942000700268952011100275952011100386999001900497020260412130646.0 aH 423.9412 GLO aDepartment of higher education 918836 aGlossary of administrative terms : hindi-english aNew DelhibCommission for Scientific & Technical Terminology, MHRDc2017 a605 aAdministrative terms: English- Hindi 918837 cDB 00104070aLBSNAAbLBSNAAd2026-04-12g10.00l0oH 423.9412 GLOp173428r2026-04-12w2026-04-12yDB0x2 00104070aLBSNAAbLBSNAAd2026-04-12g10.00l0oH 423.9412 GLOp173429r2026-04-12w2026-04-12yDB0x2 c360738d360738